01240nam a2200229Ia 45000010005000000080041000050100009000460410014000550820016000692450170000852600011002553000008002665200007002746300023002816300014003046300015003186300019003336500039003527000023003917000037004145200559004511321241029s9999 xx 000 0 und d a1226 aEspañol aMAED 97-14. 0aEficiencia organizacional del Distrito Educativo 07-05, de San Francisco de Macorís y su incidencia en la gestión de los centros educativos de su jurisdicción. aDuarte a112 a36 aCentros Educativos aGestión aIncidencia aOrganización aAdministración de la Educación easesoraNo, Aplica eautoraLucía, Mena Álvarez aEn este estudio se trató de describir como incide la eficiencia organizacional del Distrito Educativo 07-05, de San Francisco de Macorís, en los Centros Educativos que están bajo su jurisdicción.Se utilizó la descripción para demostrar que la eficiencia organizacional del Distrito incidía positivamente en la gestión de los Centros Educativos que el orientaba y daba seguimiento.La hipótesis planteada fue comprobada aunque en forma total, pues los indicios de promoción hay que aumentarlos y los de deserción hay que disminuirlos.